Statistiques concernant Les 20 préfectures les plus proches de Perpignan

Cliquez ici pour prendre le quiz!

Statistiques générales

  • Ce quiz a été pris 89 fois
  • Le résultat moyen est 15 sur 20

Statistiques - réponses

distance (en km)ville préfecture% Correct
129Montpellier
99%
155Toulouse
98%
73Carcassonne
91%
212Marseille
89%
174Nîmes
88%
274Pau
84%
186Rodez
80%
150Albi
79%
109Foix
79%
208.30Mende
78%
252Toulon
78%
193Montauban
77%
208.13Avignon
76%
251Aurillac
68%
237Tarbes
67%
296Valence
65%
265Privas
61%
248Agen
60%
228Cahors
59%
273Le Puy en Velay
50%

Distribution des résultats

Percentile par nombre de réponses

% des personnes avec chaque résultat

Votre développement - résultats

Vous n’avez pas pris ce quiz